000 01011nam a22003017a 4500
001 8140
003 FISKH
005 20260401100420.0
008 250828b cb ||||| |||| 00| 0 eng d
020 _a9780545283977
040 _aFISKH
_beng
_cFISKH
_dFISKH
050 _aPZ7.N964 W
082 _a813.54
100 _aNumeroff, Laura
245 _aWhat sisters do best/ What brothers do best /
_cBy Laura Numeroff : Illustrated by Lynn Munsinger
260 _aNew York :
_bScholastic ,
_c2012.
300 _a20 pages :
_bcolor illustrations ;
_c26 cm .
490 _aWhat Brothers/Sisters Do Best
505 _aG
520 _aRead one way, this book describes all the wonderful things sisters do, and when turned over, it depicts why brothers are special.
521 8 _a350
_bLexile estimate
521 8 _aG
_bRaz-Plus
650 _aAll About Family
_vFiction
650 _aSiblings
_vFiction
700 _aMunsinger, Lynn
_eIllustrator
942 _2ddc
_cBK
_n0
999 _c8140
_d8140